Economics : (Record no. 1813)
[ view plain ]
| 000 -LEADER | |
|---|---|
| fixed length control field | 00864nam a2200253 a 4500 |
| 001 - CONTROL NUMBER | |
| control field | 1813 |
| 003 - CONTROL NUMBER IDENTIFIER | |
| rucl marc code | BD-RjUL |
| 005 - DATE AND TIME OF LATEST TRANSACTION | |
| control field | 20211208233421.0 |
| 008 - FIXED-LENGTH DATA ELEMENTS--GENERAL INFORMATION | |
| fixed length control field | 160615r19561954ii ao b 001 0 eng |
| 020 ## - INTERNATIONAL STANDARD BOOK NUMBER | |
| International Standard Book Number | 0132272318 |
| 035 ## - SYSTEM CONTROL NUMBER | |
| System control number | (BD-RjUL)1840 |
| 040 ## - CATALOGING SOURCE | |
| Original cataloging agency | DLC |
| Transcribing agency | DLC |
| Modifying agency | DLC |
| -- | BD-RjUL |
| Language of cataloging | eng |
| 041 ## - LANGUAGE CODE | |
| Language code of text/sound track or separate title | eng |
| 082 00 - DEWEY DECIMAL CLASSIFICATION NUMBER | |
| Classification number | 330 |
| Edition number | 23 |
| Author mark and year | BAE 1956 |
| 100 1# - MAIN ENTRY--PERSONAL NAME | |
| Personal name | Bach, George Leland |
| Dates associated with a name | 1915-1994. |
| 9 (RLIN) | 6011 |
| 245 00 - TITLE STATEMENT | |
| Title | Economics : |
| Remainder of title | an introduction to analysis and policy / |
| Statement of responsibility, etc. | George Leland Bach, with the assistance of David J. Teece. |
| 260 ## - PUBLICATION, DISTRIBUTION, ETC. (IMPRINT) | |
| Place of publication, distribution, etc. | Englewood Cliffs, N.J. ; |
| -- | New Delhi : |
| Name of publisher, distributor, etc. | Prentice-Hall, |
| Date of publication, distribution, etc. | c1954 [Reprinted 1956] |
| 300 ## - PHYSICAL DESCRIPTION | |
| Pagination | xxii, 738 p. : |
| Illustrations | ill ; |
| Size | 24 cm. |
| 504 ## - BIBLIOGRAPHY, ETC. NOTE | |
| Bibliography, etc | Includes bibliographical references and indexes. |
| 650 #0 - SUBJECT ADDED ENTRY--TOPICAL TERM | |
| Topical term or geographic name as entry element | Economic policy. |
| 9 (RLIN) | 3509 |
| Topical term or geographic name as entry element | Economics. |
| 9 (RLIN) | 6012 |
| 700 1# - ADDED ENTRY--PERSONAL NAME | |
| Personal name | Teece, David J., |
| Relator term | joint author. |
| 942 ## - ADDED ENTRY ELEMENTS (KOHA) | |
| Source of classification or shelving scheme | Dewey Decimal Classification |
| Koha item type | Books |
| Lost status | Source of classification or shelving scheme | Damaged status | Not for loan | Collection code | Permanent Location | Current Location | Shelving location | Date acquired | Source of acquisition | Cost, normal purchase price | Total Checkouts | Full call number | Date last seen | Copy number | Koha item type |
|---|---|---|---|---|---|---|---|---|---|---|---|---|---|---|---|
| Dewey Decimal Classification | Non-fiction | Central Library, University of Rajshahi | Central Library, University of Rajshahi | 28/07/1982 | Aligarh library Rajshahi | 132.00 | 330 BAE 1982 | 09/12/2013 | C-4 | Books | |||||
| Dewey Decimal Classification | Not For Loan | Non-fiction | Central Library, University of Rajshahi | Central Library, University of Rajshahi | Reading Room | 05/03/1974 | Canada govt. | 330 BAE 1957 | 10/12/2013 | C-1 | Books | ||||
| Dewey Decimal Classification | Non-fiction | Central Library, University of Rajshahi | Central Library, University of Rajshahi | 09/04/1962 | Asia Foundation. | 330 BAE 1956 | 10/12/2013 | C-7 | Books | ||||||
| Dewey Decimal Classification | Non-fiction | Central Library, University of Rajshahi | Central Library, University of Rajshahi | 06/07/1962 | Asia Foundation. | 330 BAE 1954 | 10/12/2013 | C-2 | Books | ||||||
| Dewey Decimal Classification | Non-fiction | Central Library, University of Rajshahi | Central Library, University of Rajshahi | 28/07/1982 | Zitlinger | 132.00 | 330 BAE 1980 | 10/12/2013 | C-5 | Books | |||||
| Dewey Decimal Classification | Non-fiction | Central Library, University of Rajshahi | Central Library, University of Rajshahi | 28/07/1982 | Zeithlinger | 132.00 | 330 BAE 1980 | 12/06/2016 | C-3 | Books | |||||
| Dewey Decimal Classification | Non-fiction | Central Library, University of Rajshahi | Central Library, University of Rajshahi | 28/07/1982 | Zeithlinger | 132.00 | 330 BAE 1980 | 12/06/2016 | C-8 | Books | |||||
| Dewey Decimal Classification | Non-fiction | Central Library, University of Rajshahi | Central Library, University of Rajshahi | 28/07/1982 | Zeithinger | 132.00 | 330 BAE 1956 | 15/06/2016 | C-9 | Books | |||||
| Dewey Decimal Classification | Non-fiction | Central Library, University of Rajshahi | Central Library, University of Rajshahi | 28/07/1982 | Zeithinger | 132.00 | 330 BAE 1956 | 15/06/2016 | C-6 | Books | |||||
| Dewey Decimal Classification | Non-fiction | Central Library, University of Rajshahi | Central Library, University of Rajshahi | 28/07/1982 | Zeithinger | 132.00 | 330 BAE 1956 | 15/06/2016 | C-10 | Books |